| 000 | 00480nam a2200169 a 4500 | ||
|---|---|---|---|
| 001 | 000041552 | ||
| 005 | 20201002035633.0 | ||
| 008 | 131011s1967 nyua 001 0 eng d | ||
| 040 |
_aDO-SdBNP _beng _cBNPHU |
||
| 082 |
_axxxx _bD252a |
||
| 100 | 1 |
_aDavidson, Basil _968293 |
|
| 245 | 1 | 0 |
_aThe african past : _bBasil Davidson. |
| 260 |
_aNew York : _bUniversal Library, _c1967. |
||
| 300 |
_a392 p. : _bil. ; _c20 cm. |
||
| 500 | _aIncluye índice | ||
| 590 | _aInventariado, 2019 /LP | ||
| 999 |
_c41042 _d41042 |
||